000 00293nam a2200121Ia 4500
008 220120s9999||||xx |||||||||||||| ||und||
020 _a9781416940289
082 _a003 BAN
100 _aBanks, Jerry
245 0 _aDiscrete event system simulation
260 _bNew Delhi
300 _a275p.
_b0
999 _c136416
_d136416